000 00675nam a2200217Ia 4500
001 16007
003 GE_BSU
008 181216s||||||||xx |||||||||||||| ||und||
040 _cGE_BSU
080 _a821.353.1-32
100 _aხოფერია, ჯემალ
245 _aრა იქნებოდა უშენოდ
245 _bმოთხრობა
245 _cრედ.ო.გოგუაძე. მხ.ჯ.მიქელაძე
260 _aბათუმი
260 _bსაბჭ. აჭარა
260 _c1976
300 _a177გვ. ; 20სმ
653 _aრა იქნებოდა უშენოდ
942 _cBK
999 _c49100
_d49100